00000000nam##2200000za#4500
0019.573734
003CaOODSP
00520211126112845
007cr |||||||||||
008150406|1998||||xxc|||||o    f|0| 0 eng|d
022 |a1914-0568
040 |aCaOODSP|beng
043 |an-cn---
0861 |aFB3-4/1998-2E-PDF
1102 |aBank of Canada.
24510|aProposed revisions to the rules pertaining to auctions of Government of Canada securities and the Bank of Canada's surveillance of the auction process |h[electronic resource]
260 |bBank of Canada
300 |a37p.|btables
4901 |aBank of Canada discussion paper |x1914-0568|vNo. 2, 8 April 1998
590 |a12-17-Supp|b2012-04-20
77508|tProjet de modification des règles régissant les adjudications de titres du gouvernement canadien et la surveillance de celles-ci par la Banque du Canada |w(CaOODSP)9.603835
830#0|aBank of Canada discussion paper,|x1914-0568|vNo. 2, 8 April 1998|w(CaOODSP)9.504448
85640|ahttp://publications.gc.ca|qPDF|s86 KB|uhttps://publications.gc.ca/collections/Collection/FB3-3-2E.pdf|yNo. 2, 8 April 1998